00000000nam##2200000za#4500
0019.534399
003CaOODSP
00520200327074045
007ta
008150406|2001||||xxc|||||     f|0| 0 fre|d
020 |a0-660-61483-9
040 |aCaOODSP|bfre
041 |aeng
041 |afre
043 |an-cn---
0861 |aBT31-2/2002-III-53
1101 |aCanada. |bConseil du trésor.
24510|aAgence canadienne de développement international
260 |aOttawa - Ontario : |bSecrétariat du Conseil du Trésor du Canada |c2001.
4901 |aBudget des dépenses 2001-2002, partie III: rapport sur les plans et les priorités
546 |aBilingue
590 |a01-14|b2001-04-06
69107|aPrévisions budgétaires|2gcpds
7760#|tCanadian International Development Agency, 2001-2002 estimates. Part III, Report on plans and priorities |w(CaOODSP)9.568488
7760#|tAgence canadienne de développement international, budget des dépenses 2001-2002. Partie III, Rapport sur les plans et les priorités |w(CaOODSP)9.599766
791 |tCanadian International Development Agency |eeng|w(CaOODSP)9.534398
830#0|aBudget des dépenses 2001-2002, partie III: rapport sur les plans et les priorités.|w(CaOODSP)9.508967